Precedentes y justicia penal

Збережено в:
Бібліографічні деталі
Автор: Couso Salas, Jaime (Автор)
Інші автори: Mera Figueroa, Jorge Alejandro (autor)
Формат: Книга
Мова:Іспанська
Опубліковано: Santiago Universidad Diego Portales 2011
Редагування:1a. ed
Предмети:
Теги: Додати тег
Немає тегів, Будьте першим, хто поставить тег для цього запису!

MARC

LEADER 00000cam a2200000 a 4500
001 UCG9064
003 CL-VaPUC
008 120120e20111000CL |||||||||||||||||spa|d
020 |a 9789563141399 
082 0 4 |a 345.05  |b COU  |2 21 
100 0 |a Couso Salas, Jaime  |e author  |9 560442 
700 |a Mera Figueroa, Jorge Alejandro  |e autor  |9 560443 
245 1 0 |a Precedentes y justicia penal 
250 |a 1a. ed 
300 |a 338 p 
942 |c BK 
945 |d 20120120 00:00:00  |a dcastane 
260 |a Santiago  |b Universidad Diego Portales  |c 2011 
650 7 |a DERECHO PENAL  |2 CL-VaPUC  |9 11 
650 7 |a PRECEDENTES  |2 CL-VaPUC  |9 560444 
650 0 |a Tribunal constitucional   |9 255000 
583 |a last modification  |c 20120120 10:38:00  |k Rodrigo Vera 
999 |c 346639  |d 346637 
952 |0 0  |1 0  |4 0  |6 345_050000000000000_COU_2011  |7 0  |8 A  |9 447437  |a BIBDER  |b BIBDER  |d 2019-11-22  |i 481651K  |l 1  |o 345.05 COU 2011  |p 481651K  |r 2022-07-06  |s 2022-07-06  |w 2019-11-22  |y BK  |k DER